Funkcjonowanie przedsiebiorstwa handlu zagranicznego Ujecie modelowe

Saved in:
Bibliographic Details
Main Author: Schroeder, Jerzy
Format: Book
Language:Polish
Published: Poznan Akademia Ekon. 1989
Edition:1. wyd.
Series:Zeszyty naukowe-Seria 2 Zeszyt 100
Tags: Add Tag
No Tags, Be the first to tag this record!

MARC

LEADER 00000nam a2200000 4500
001 c031422
005 20221215130113.9
041 0 |a pol 
044 |a PL 
245 1 0 |a Funkcjonowanie przedsiebiorstwa handlu zagranicznego  |b Ujecie modelowe  |c Jerzy Schroeder 
250 |a 1. wyd. 
264 1 |a Poznan  |b Akademia Ekon.  |c 1989 
300 |a 219 s. 
490 1 |a Zeszyty naukowe-Seria 2  |v Zeszyt 100 
830 0 |a Zeszyty naukowe-Seria 2  |v Zeszyt 100 
100 1 |a Schroeder, Jerzy